Govt. of
Madhya Pradesh

Naxalism And Socity (Record no. 65994)

MARC details
000 -LEADER
fixed length control field 00261nam a22001097a 4500
082 ## - DEWEY DECIMAL CLASSIFICATION NUMBER
Classification number 364/SAT
100 ## - MAIN ENTRY--AUTHOR NAME
Personal name Satyanarayan,K.IPS
245 ## - TITLE STATEMENT
Title Naxalism And Socity
260 ## - PUBLICATION, DISTRIBUTION, ETC. (IMPRINT)
Place of publication New Delhi
Name of publisher Anamika Publishaers
Year of publication 2021
650 ## - SUBJECT ADDED ENTRY--TOPICAL TERM
Topical Term Naxalism
942 ## - ADDED ENTRY ELEMENTS (KOHA)
Koha item type Books
Holdings
Withdrawn status Lost status Damaged status Not for loan Home library Current library Date acquired Cost, normal purchase price Full call number Accession Number Price effective from Koha item type
        MACL MACL 09/03/2023 995.00 364/SAT CRE040249 09/03/2023 Books